000 01015nam a2200253 a 4500
001 BRCA_3746
005 20190320204417.0
008 220909s2007----mx-a---###---#000-0#spa-#
020 _a9789706690937
041 _aspa
044 _amx
050 4 _aN6553
_b.J37 2007
100 1 _aJarquín Ortega, María Teresa
_96997
245 1 0 _aUna batalla epistolar del siglo XVIII
_bel peregrinar de San Juan Bautista en Metepec
_cMaría Teresa Jarquín Ortega.
260 _aZinacantepec, Estado de México
_bEl Colegio Mexiquense : Gobierno del Estado de México
_c2007
300 _a170 p.
_bil. (algunas a color)
_c32 cm.
440 0 _aBiblioteca Mexiquense del Bicentenario
_pColección Mayor. Estado de México: Patrimonio de un Pueblo
_99759
500 _aIncluye glosario
504 _aBibliografía: p. [163]-165
650 1 4 _aArte colonial
_xHistoria
_zMéxico
_94129
651 4 _aMetepec (México)
_xHistoria
_99760
651 4 _aMetepec (México)
_vDescripción
_xManuscritos coloniales
_99761
942 _2lcc
_cB
999 _c3475
_d3475